Guess the Fusion Rock Song Lyrics #227 - Statistics

General Stats
  • This quiz has been taken 10 times
  • The average score is 186 of 211
Answer Stats
Answer % Correct
a
100%
And
100%
be
100%
But
100%
can
100%
don't
100%
ever
100%
for
100%
go
100%
gone
100%
had
100%
has
100%
have
100%
hear
100%
I
100%
if
100%
I'm
100%
in
100%
is
100%
it
100%
know
100%
Life
100%
life
100%
like
100%
me
100%
more
100%
my
100%
no
100%
on
100%
one
100%
only
100%
really
100%
should
100%
than
100%
the
100%
this
100%
time
100%
to
100%
up
100%
when
100%
will
100%
without
100%
you
100%
you're
100%
You're
100%
all
88%
are
88%
feel
88%
gonna
88%
I'll
88%
light
88%
night
88%
out
88%
room
88%
sad
88%
sadder
88%
After
75%
blue
75%
bluer
75%
Bluer
75%
empty
75%
lot
75%
nights
75%
stay
75%
glad
63%
long
63%
over
63%
things
63%
breeze
50%
catch
50%
colder
50%
easier
50%
house
50%
shows
50%
sleeping
50%
start
50%
through
50%
tv
50%
whole
50%
closet
38%
looks
38%
Michael Johnson
38%
reading
38%
run
38%
sure
38%
miss
25%
screaming
25%
telephone
25%
Change
13%
numbers
13%
No matching quizzes found
Score Distribution
Percent of People with Each Score
Percentile by Number Answered
Your Score History
You have not taken this quiz